| 000 | 00660cam a22002295a 4500 | ||
|---|---|---|---|
| 008 | 161102b xxu||||| |||| 00| 0 eng d | ||
| 020 | _a9788120351660 | ||
| 040 |
_beng _dEG-ScBUE |
||
| 082 | 0 | 4 |
_a621.3121 _222 _bEAR |
| 100 | 1 |
_aEarnest, Joshua, _eauthor. |
|
| 245 | 1 | 0 |
_aWind power technology / _cJoshua Earnest. |
| 250 | _a2nd ed. | ||
| 260 |
_aNew Delhi : _bPHI Learning Private Limited ; _c2015. |
||
| 263 | _a201602 | ||
| 300 |
_axxvi, 458 p. : _c23 cm _bill. ; |
||
| 500 | _aIncludes bibliographical references | ||
| 590 | _ashima | ||
| 650 | 7 |
_aWind power _vTextbooks. _2BUEsh |
|
| 651 | _2BUEsh | ||
| 653 |
_bENGGEN _cNovember2016 |
||
| 942 | _2ddc | ||
| 999 |
_c22994 _d22966 |
||